[Event "South Wales op 18th"]
[Site "Bridgend"]
[Date "2023.07.09"]
[Round "4"]
[White "Ralphs, Nigel"]
[Black "Robinson, David"]
[Result "1/2-1/2"]
[WhiteElo "1963"]
[BlackElo "1845"]
[PlyCount "121"]
[EventDate "2023.07.07"]
[EventType "swiss"]
[EventRounds "9"]
[EventCountry "WLS"]
[SourceTitle "CBM 215 Extra"]
[Source "ChessBase"]
[SourceDate "2023.09.30"]
[SourceVersion "1"]
[SourceVersionDate "2023.09.30"]
[SourceQuality "1"]

1. e4 d5 2. exd5 Qxd5 3. Nc3 Qa5 4. d4 Nf6 5. Nf3 Bf5 6. Bd2 c6 7. Bc4 e6 8. Nd5 Qd8 9. Nxf6+ gxf6 10. 0-0 Bd6 11. Nh4 Bg6 12. g3 Nd7 13. Re1 Qc7 14. Bf1 0-0 15. Nxg6 hxg6 16. Qg4 Kg7 17. c4 Rae8 18. c5 Be7 19. Bc3 f5 20. Qf3 Kg8 21. Bc4 Bf6 22. h4 Bg7 23. h5 g5 24. Kg2 Nf6 25. h6 Bxh6 26. d5 g4 27. Qd3 Nxd5 28. Bxd5 cxd5 29. Rh1 Bg7 30. Bxg7 Kxg7 31. Qe3 Kf6 32. Rad1 Rh8 33. Rh6+ Rxh6 34. Qxh6+ Ke7 35. Qg5+ Kd7 36. Qf6 Kc8 37. b4 Kb8 38. Kg1 Ka8 39. a4 Qe7 40. Qd4 Rd8 41. Qf4 f6 42. Rc1 Rc8 43. Qd4 Qd8 44. b5 e5 45. Qd3 Qd7 46. Qc2 e4 47. c6 bxc6 48. bxc6 Qd6 49. a5 d4 50. a6 Qc7 51. Qb3 Qb6 52. Qe6 Qxa6 53. Qxf5 e3 54. fxe3 dxe3 55. Qe4 Rc7 56. Qe8+ Qc8 57. Qxe3 Rxc6 58. Qe4 Kb7 59. Qb4+ Ka8 60. Qe4 Kb7 61. Qb4+ 1/2-1/2

[Event "South Wales op 18th"]
[Site "Bridgend"]
[Date "2023.07.09"]
[Round "5"]
[White "Wagner, Guenter"]
[Black "Ralphs, Nigel"]
[Result "0-1"]
[WhiteElo "1718"]
[BlackElo "1963"]
[PlyCount "78"]
[EventDate "2023.07.07"]
[EventType "swiss"]
[EventRounds "9"]
[EventCountry "WLS"]
[SourceTitle "CBM 215 Extra"]
[Source "ChessBase"]
[SourceDate "2023.09.30"]
[SourceVersion "1"]
[SourceVersionDate "2023.09.30"]
[SourceQuality "1"]

1. c4 e6 2. Nf3 d5 3. e3 Nf6 4. Nc3 c6 5. b3 Bd6 6. d4 0-0 7. Bb2 Re8 8. Be2 Nbd7 9. 0-0 b6 10. Qc2 Bb7 11. Rad1 Qe7 12. Rfe1 Rac8 13. Qb1 h6 14. Bf1 Bb4 15. Qa1 Ba3 16. Qc1 Bxb2 17. Qxb2 c5 18. cxd5 Nxd5 19. Ne2 N5f6 20. Ng3 Bxf3 21. gxf3 cxd4 22. Rxd4 Ne5 23. Bg2 Ng6 24. f4 e5 25. fxe5 Qxe5 26. Rd2 Qxb2 27. Rxb2 Red8 28. Nf5 Rc5 29. Nd4 Nh4 30. Kf1 Nxg2 31. Kxg2 Rdc8 32. Rd1 g6 33. Rbd2 Ne4 34. Rb2 Kg7 35. Nf3 Rc2 36. Rxc2 Rxc2 37. Rf1 Rxa2 38. Nd4 Rb2 39. Kf3 Nd2+ 0-1

[Event "WLS-chT"]
[Site "Wales"]
[Date "2023.02.19"]
[Round "1"]
[White "Ralphs, Nigel"]
[Black "Miles, Richard"]
[Result "1/2-1/2"]
[WhiteElo "2041"]
[BlackElo "1965"]
[PlyCount "40"]
[EventDate "2023.02.19"]
[EventType "team-tourn"]
[EventRounds "5"]
[EventCountry "WLS"]
[SourceTitle "EXT 2024"]
[Source "ChessBase"]
[SourceDate "2023.10.10"]
[SourceVersion "1"]
[SourceVersionDate "2023.10.10"]
[SourceQuality "1"]
[WhiteTeam "Cardiff"]
[BlackTeam "Abergavenny"]
[WhiteTeamCountry "WLS"]
[BlackTeamCountry "WLS"]

1. e4 c5 2. Nf3 Nc6 3. Bb5 g6 4. Bxc6 dxc6 5. d3 Bg4 6. h3 Bxf3 7. Qxf3 Bg7 8. 0-0 e5 9. Be3 Qe7 10. Nd2 Nf6 11. a4 a5 12. Nc4 Nd7 13. Qd1 0-0 14. Qd2 b6 15. Bh6 Qe6 16. Bxg7 Kxg7 17. f4 exf4 18. Rxf4 Qe7 19. Raf1 Rab8 20. Kh1 Ne5 1/2-1/2

[Event "BCF-chT3E 2223 (4NCL)"]
[Site "England"]
[Date "2023.02.12"]
[Round "6.25"]
[White "Ralphs, Nigel"]
[Black "Shepley, Julien M"]
[Result "1/2-1/2"]
[WhiteElo "1965"]
[BlackElo "1970"]
[PlyCount "112"]
[EventDate "2022.11.05"]
[EventType "team-tourn"]
[EventRounds "11"]
[EventCountry "ENG"]
[SourceTitle "EXT 2024"]
[Source "ChessBase"]
[SourceDate "2023.10.10"]
[SourceVersion "1"]
[SourceVersionDate "2023.10.10"]
[SourceQuality "1"]
[WhiteTeam "Rhyfelwyr Essyllwg"]
[BlackTeam "Guildford Castles"]
[WhiteTeamCountry "ENG"]
[BlackTeamCountry "ENG"]

1. c4 e5 2. Nc3 Nf6 3. Nf3 Nc6 4. e3 Be7 5. Qb3 d6 6. Be2 0-0 7. 0-0 a6 8. d3 Bd7 9. Bd2 Qc8 10. Rac1 Re8 11. Nd5 Bf8 12. Ng5 h6 13. Nxf6+ gxf6 14. Ne4 Bg7 15. Qd1 Qd8 16. Ng3 f5 17. Bc3 Kh7 18. Bf3 Bh8 19. b4 Qg5 20. a4 Rg8 21. b5 Nd8 22. Re1 Be6 23. Nf1 c6 24. bxc6 bxc6 25. g3 d5 26. cxd5 cxd5 27. e4 dxe4 28. dxe4 f4 29. Qd6 h5 30. Bd2 h4 31. Rc7 Rg6 32. Qe7 Bf6 33. Qf8 Rg8 34. Qc5 hxg3 35. fxg3 Qg6 36. Qf2 Rb8 37. Rc2 Rb3 38. Kh1 Kh8 39. Rec1 Bh3 40. Rc3 Rxc3 41. Bxc3 Bxf1 42. Qxf1 fxg3 43. Qh3+ Qh7 44. Qxh7+ Kxh7 45. Rg1 gxh2 46. Rxg8 Kxg8 47. Be2 Nb7 48. Bxa6 Nc5 49. Bb5 Nxe4 50. Bb4 Bd8 51. a5 Bxa5 52. Bxa5 Kg7 53. Bc7 Kf6 54. Kxh2 Kf5 55. Kg2 Kf4 56. Be8 f5 1/2-1/2

[Event "South Wales op 17th"]
[Site "Bridgend"]
[Date "2022.07.11"]
[Round "7"]
[White "Ralphs, Nigel"]
[Black "Gibbs, Dominic V"]
[Result "0-1"]
[WhiteElo "1964"]
[BlackElo "1873"]
[PlyCount "68"]
[EventDate "2022.07.07"]
[EventType "swiss"]
[EventRounds "9"]
[EventCountry "WLS"]
[SourceTitle "CBM 209 Extra"]
[Source "ChessBase"]
[SourceDate "2022.09.30"]
[SourceVersion "1"]
[SourceVersionDate "2022.09.30"]
[SourceQuality "1"]

1. c4 e5 2. Nc3 Nc6 3. Nf3 g6 4. e3 Bg7 5. d4 d6 6. Be2 Nge7 7. d5 Nb8 8. e4 0-0 9. 0-0 Nd7 10. Bd2 f5 11. b4 Nf6 12. Bd3 h6 13. Ne1 Rf7 14. f3 f4 15. Be2 g5 16. Nd3 h5 17. Nf2 Bf8 18. c5 Rg7 19. h3 Ng6 20. cxd6 cxd6 21. Rc1 Nh4 22. Qc2 g4 23. hxg4 hxg4 24. Nxg4 Nxg4 25. fxg4 Bxg4 26. Be1 Nxg2 27. Bxg4 Ne3 28. Kh1 Rh7+ 29. Kg1 Nxc2 30. Be6+ Kh8 31. Rxc2 Qb6+ 32. Rff2 Be7 33. Kg2 Qe3 34. Rfe2 f3+ 0-1

[Event "South Wales op 17th"]
[Site "Bridgend"]
[Date "2022.07.09"]
[Round "4"]
[White "De Coverly, Roger D"]
[Black "Ralphs, Nigel"]
[Result "1/2-1/2"]
[WhiteElo "1914"]
[BlackElo "1964"]
[PlyCount "109"]
[EventDate "2022.07.07"]
[EventType "swiss"]
[EventRounds "9"]
[EventCountry "WLS"]
[SourceTitle "CBM 209 Extra"]
[Source "ChessBase"]
[SourceDate "2022.09.30"]
[SourceVersion "1"]
[SourceVersionDate "2022.09.30"]
[SourceQuality "1"]

1. d4 d5 2. c4 e6 3. Nc3 Be7 4. Nf3 Nf6 5. Bg5 h6 6. Bh4 0-0 7. e3 Ne4 8. Bxe7 Qxe7 9. Rc1 Nxc3 10. Rxc3 c6 11. Bd3 dxc4 12. Bxc4 Nd7 13. 0-0 b6 14. Qe2 a5 15. Rd1 Bb7 16. e4 Rfd8 17. Re3 a4 18. d5 e5 19. Qe1 b5 20. Bf1 Nf6 21. h3 a3 22. bxa3 cxd5 23. exd5 e4 24. Nd4 Nxd5 25. Rg3 Qe5 26. Nxb5 f5 27. Bc4 Kh8 28. Rb3 Rac8 29. Bf1 Ba8 30. a4 f4 31. Nc3 Nxc3 32. Rxd8+ Rxd8 33. Qxc3 Qg5 34. Rb5 Qe7 35. Qe5 Qxe5 36. Rxe5 Bd5 37. a5 g5 38. a6 Kg7 39. a7 Ba8 40. Re7+ Kf6 41. Rc7 Re8 42. Be2 Re7 43. Rxe7 Kxe7 44. g3 Kd6 45. Kf1 Kc7 46. Ke1 Kb6 47. Kd2 e3+ 48. Ke1 f3 49. Bd3 e2 50. Bxe2 fxe2 51. Kxe2 Kxa7 52. Ke3 Kb6 53. f4 Kc5 54. fxg5 hxg5 55. h4 1/2-1/2

[Event "South Wales op 17th"]
[Site "Bridgend"]
[Date "2022.07.07"]
[Round "1"]
[White "Ralphs, Nigel"]
[Black "Khan, Mohammed"]
[Result "1-0"]
[WhiteElo "1964"]
[BlackElo "2035"]
[PlyCount "31"]
[EventDate "2022.07.07"]
[EventType "swiss"]
[EventRounds "9"]
[EventCountry "WLS"]
[SourceTitle "CBM 209 Extra"]
[Source "ChessBase"]
[SourceDate "2022.09.30"]
[SourceVersion "1"]
[SourceVersionDate "2022.09.30"]
[SourceQuality "1"]

1. e4 e5 2. Nf3 Nc6 3. Bc4 Bc5 4. 0-0 Nf6 5. d3 d6 6. c3 Bg4 7. Nbd2 h6 8. Re1 g5 9. Nf1 Qc8 10. h3 Bxh3 11. gxh3 Qxh3 12. N3h2 g4 13. Be3 g3 14. Nxg3 Rg8 15. Nf3 Ng4 16. Bxf7+ 1-0

[Event "Wales-chT 1920"]
[Site "Wales"]
[Date "2020.02.23"]
[Round "4.15"]
[White "Ralphs, Nigel"]
[Black "Gilbert, Jonathan A"]
[Result "1/2-1/2"]
[WhiteElo "1969"]
[BlackElo "1978"]
[PlyCount "63"]
[EventDate "2019.10.20"]
[EventType "team-tourn"]
[EventRounds "7"]
[EventCountry "WLS"]
[SourceTitle "EXT 2022"]
[Source "ChessBase"]
[SourceDate "2021.10.06"]
[SourceVersion "1"]
[SourceVersionDate "2021.10.06"]
[SourceQuality "1"]
[WhiteTeam "Cardiff"]
[BlackTeam "The Full Ponty"]
[WhiteTeamCountry "WLS"]
[BlackTeamCountry "WLS"]

1. c4 Nf6 2. Nc3 g6 3. e4 d6 4. d4 Bg7 5. Nf3 0-0 6. Be2 e5 7. d5 a5 8. Bg5 h6 9. Bh4 Qe8 10. Nd2 Na6 11. 0-0 Nh7 12. a3 Bd7 13. b3 h5 14. f3 Bh6 15. Rb1 f5 16. Bf2 f4 17. b4 axb4 18. axb4 b6 19. c5 bxc5 20. bxc5 Nxc5 21. Bxc5 dxc5 22. Bb5 Nf6 23. Nc4 Bg7 24. Bxd7 Nxd7 25. Qb3 Kh7 26. Qb7 Qd8 27. Rfd1 Rb8 28. Qc6 Rf6 29. d6 Rxb1 30. Rxb1 cxd6 31. Nd5 Re6 32. Rb7 1/2-1/2

[Event "BCF-chT3Sa 1920 (4NCL)"]
[Site "England"]
[Date "2020.02.09"]
[Round "6.13"]
[White "Ralphs, Nigel"]
[Black "McDougall, William M"]
[Result "0-1"]
[WhiteElo "1974"]
[BlackElo "2085"]
[PlyCount "96"]
[EventDate "2019.11.09"]
[EventType "team-tourn"]
[EventRounds "11"]
[EventCountry "ENG"]
[SourceTitle "EXT 2023"]
[Source "ChessBase"]
[SourceDate "2022.10.05"]
[SourceVersion "1"]
[SourceVersionDate "2022.10.05"]
[SourceQuality "1"]
[WhiteTeam "Rhyfelwyr Essyllwg"]
[BlackTeam "Wessex"]
[WhiteTeamCountry "WLS"]
[BlackTeamCountry "ENG"]

1. c4 e5 2. Nc3 Bb4 3. Qc2 Nf6 4. Nf3 Nc6 5. e3 0-0 6. Nd5 a5 7. a3 Bc5 8. Ng5 g6 9. Nxf6+ Qxf6 10. Ne4 Qe7 11. Nxc5 Qxc5 12. Bd3 d5 13. cxd5 Qxd5 14. 0-0 Be6 15. Be4 Qb5 16. Bxc6 bxc6 17. d4 Bb3 18. Qc3 e4 19. Bd2 Bd5 20. b4 a4 21. f4 f5 22. Rac1 Kf7 23. Be1 Ke6 24. Bh4 h6 25. Qc5 Rf7 26. Qc3 Rg8 27. Qd2 Qd3 28. Qxd3 exd3 29. Rfd1 g5 30. Bg3 Be4 31. Rd2 Kd7 32. Rf1 Rfg7 33. Rff2 Ke6 34. fxg5 Rxg5 35. Bxc7 Bxg2 36. Bg3 Be4 37. Kf1 h5 38. Ke1 Kd5 39. Rb2 Kc4 40. Kd2 h4 41. Bxh4 Rg1 42. Bg3 Ra1 43. Rf4 Rxa3 44. Rf1 Rb3 45. Rc1+ Kxb4 46. Ra2 Rg6 47. Rc5 a3 48. Kc1 d2+ 0-1

[Event "BCF-chT3Sa 1920 (4NCL)"]
[Site "England"]
[Date "2020.01.11"]
[Round "3.44"]
[White "Compton, Alistair"]
[Black "Ralphs, Nigel"]
[Result "1-0"]
[WhiteElo "2027"]
[BlackElo "1974"]
[PlyCount "59"]
[EventDate "2019.11.09"]
[EventType "team-tourn"]
[EventRounds "11"]
[EventCountry "ENG"]
[SourceTitle "EXT 2023"]
[Source "ChessBase"]
[SourceDate "2022.10.05"]
[SourceVersion "1"]
[SourceVersionDate "2022.10.05"]
[SourceQuality "1"]
[WhiteTeam "The Rookies"]
[BlackTeam "Rhyfelwyr Essyllwg"]
[WhiteTeamCountry "ENG"]
[BlackTeamCountry "WLS"]

1. e4 e5 2. Nc3 Nf6 3. Bc4 Bc5 4. d3 0-0 5. f4 d6 6. Nf3 Be6 7. f5 Bxc4 8. dxc4 Bb4 9. Qe2 Qe8 10. Bd2 Bxc3 11. Bxc3 Qc6 12. Nd2 a5 13. 0-0 Nbd7 14. Rae1 Nc5 15. b3 a4 16. b4 Ncd7 17. Rf3 Rfb8 18. Rh3 b5 19. g4 Ne8 20. g5 f6 21. Qh5 Nf8 22. Rg3 Qd7 23. Nf1 fxg5 24. Qxg5 Qf7 25. Ne3 Nf6 26. Nd5 Nxd5 27. cxd5 c6 28. Rd1 cxd5 29. Rxd5 Rc8 30. Rxd6 1-0

[Event "BCF-chT3Sa 1920 (4NCL)"]
[Site "England"]
[Date "2019.11.10"]
[Round "2.24"]
[White "Fegan, Chris"]
[Black "Ralphs, Nigel"]
[Result "1/2-1/2"]
[WhiteElo "2061"]
[BlackElo "1974"]
[PlyCount "39"]
[EventDate "2019.11.09"]
[EventType "team-tourn"]
[EventRounds "11"]
[EventCountry "ENG"]
[SourceTitle "EXT 2023"]
[Source "ChessBase"]
[SourceDate "2022.10.05"]
[SourceVersion "1"]
[SourceVersionDate "2022.10.05"]
[SourceQuality "1"]
[WhiteTeam "CSC"]
[BlackTeam "Rhyfelwyr Essyllwg"]
[WhiteTeamCountry "ENG"]
[BlackTeamCountry "WLS"]

1. d4 Nf6 2. c4 e6 3. a3 d5 4. Nc3 c6 5. Bg5 h6 6. Bh4 Be7 7. e3 Nbd7 8. Bd3 0-0 9. Nge2 dxc4 10. Bxc4 b5 11. Bd3 a6 12. b4 a5 13. bxa5 Qxa5 14. 0-0 Bxa3 15. Nb1 b4 16. Qd2 Ba6 17. Rxa3 bxa3 18. Qxa5 Bxd3 19. Qc3 Bxe2 20. Nxa3 1/2-1/2

[Event "BCF-chT3Sa 1920 (4NCL)"]
[Site "England"]
[Date "2019.11.09"]
[Round "1.44"]
[White "Ralphs, Nigel"]
[Black "Wilson, Edgar"]
[Result "1/2-1/2"]
[WhiteElo "1974"]
[BlackElo "2012"]
[PlyCount "69"]
[EventDate "2019.11.09"]
[EventType "team-tourn"]
[EventRounds "11"]
[EventCountry "ENG"]
[SourceTitle "EXT 2023"]
[Source "ChessBase"]
[SourceDate "2022.10.05"]
[SourceVersion "1"]
[SourceVersionDate "2022.10.05"]
[SourceQuality "1"]
[WhiteTeam "Rhyfelwyr Essyllwg"]
[BlackTeam "Oxford III"]
[WhiteTeamCountry "WLS"]
[BlackTeamCountry "ENG"]

1. c4 e6 2. Nc3 d5 3. e3 Nf6 4. Nf3 Be7 5. b3 0-0 6. Bb2 b6 7. cxd5 Nxd5 8. d4 Bb7 9. Bd3 Nd7 10. 0-0 Nxc3 11. Bxc3 Bf6 12. Rc1 g6 13. Qe2 Qe7 14. Rfd1 e5 15. dxe5 Nxe5 16. Nxe5 Bxe5 17. Ba6 Bxa6 18. Qxa6 Bxc3 19. Rxc3 Rfd8 20. Rcd3 c5 21. g3 Rxd3 22. Qxd3 a5 23. a4 Qe6 24. Qc4 Re8 25. Qxe6 Rxe6 26. Rd8+ Kg7 27. Rb8 Kf6 28. Rb7 Rd6 29. Kf1 Ke6 30. Ke2 h5 31. e4 f5 32. exf5+ Kxf5 33. f3 Ke5 34. Ke3 Kd5 35. Rc7 1/2-1/2

[Event "BCF-chT3S 1819 (4NCL) Promotion pool"]
[Site "England"]
[Date "2019.05.04"]
[Round "9.25"]
[White "Ralphs, Nigel"]
[Black "Clarke, Peter C"]
[Result "1/2-1/2"]
[WhiteElo "1979"]
[BlackElo "2102"]
[PlyCount "80"]
[EventDate "2019.04.14"]
[EventType "team-tourn"]
[EventRounds "11"]
[EventCountry "ENG"]
[SourceTitle "EXT 2021"]
[Source "ChessBase"]
[SourceDate "2020.10.23"]
[SourceVersion "1"]
[SourceVersionDate "2020.10.23"]
[SourceQuality "1"]
[WhiteTeam "Rhyfelwyr Essyllwg"]
[BlackTeam "Kings Head"]
[WhiteTeamCountry "WLS"]
[BlackTeamCountry "ENG"]

1. c4 d6 2. Nc3 e5 3. d4 exd4 4. Qxd4 Nc6 5. Qd2 Be6 6. b3 Nf6 7. e4 g6 8. Bb2 Bg7 9. g3 0-0 10. Bg2 a5 11. Nge2 a4 12. Nxa4 Bxc4 13. Rc1 Ba6 14. 0-0 Re8 15. Bxf6 Qxf6 16. Rfe1 Bxe2 17. Rxe2 Nd4 18. Ree1 Re7 19. Nc3 c6 20. Ne2 Nf3+ 21. Bxf3 Qxf3 22. Qxd6 Rxe4 23. Qd2 Rae8 24. Nf4 Bh6 25. Rxe4 Qxe4 26. Rc4 Qe1+ 27. Qxe1 Rxe1+ 28. Kg2 Bxf4 29. Rxf4 Kf8 30. Rb4 Re7 31. Kf3 Ke8 32. Re4 Kd7 33. Rxe7+ Kxe7 34. Ke4 Kd6 35. Kd4 f5 36. f4 c5+ 37. Kc4 Kc6 38. a4 b6 39. b4 cxb4 40. Kxb4 Kc7 1/2-1/2

[Event "WLS-chT 1819"]
[Site "Wales"]
[Date "2019.04.28"]
[Round "5.11"]
[White "Ralphs, Nigel"]
[Black "May, Adam John"]
[Result "1/2-1/2"]
[WhiteElo "1979"]
[BlackElo "1915"]
[PlyCount "63"]
[EventDate "2018.11.04"]
[EventType "team-tourn"]
[EventRounds "5"]
[EventCountry "WLS"]
[SourceTitle "EXT 2020"]
[Source "ChessBase"]
[SourceDate "2019.10.17"]
[SourceVersion "1"]
[SourceVersionDate "2019.10.17"]
[SourceQuality "1"]
[WhiteTeam "Cardiff"]
[BlackTeam "White Knights"]
[WhiteTeamCountry "WLS"]
[BlackTeamCountry "WLS"]

1. c4 e6 2. Nc3 d5 3. e3 Nf6 4. Nf3 Be7 5. b3 0-0 6. Bb2 dxc4 7. bxc4 c5 8. d4 cxd4 9. exd4 b6 10. Bd3 Bb7 11. 0-0 Nc6 12. Rc1 Rc8 13. Qe2 Re8 14. Rfd1 Nb4 15. Bb1 Bxf3 16. Qxf3 Rxc4 17. a3 Nbd5 18. Nxd5 Qxd5 19. Rxc4 Qxc4 20. d5 exd5 21. Bd4 Bd8 22. g3 Qe2 23. Kg2 Qxf3+ 24. Kxf3 Ne4 25. Ba2 Bf6 26. Bxd5 Nc3 27. Bxc3 Bxc3 28. a4 Kf8 29. Bc4 g6 30. Rd7 Re7 31. Rxe7 Kxe7 32. Ke4 1/2-1/2

[Event "South Wales op 15th"]
[Site "Cardiff"]
[Date "2018.07.12"]
[Round "9"]
[White "Yeo, Gareth"]
[Black "Ralphs, Nigel"]
[Result "1/2-1/2"]
[WhiteElo "1932"]
[BlackElo "1993"]
[PlyCount "57"]
[EventDate "2018.07.07"]
[EventType "swiss"]
[EventRounds "9"]
[EventCountry "WLS"]
[SourceTitle "EXT 2019"]
[Source "ChessBase"]
[SourceDate "2018.10.10"]
[SourceVersion "1"]
[SourceVersionDate "2018.10.10"]
[SourceQuality "1"]

1. d4 d5 2. Bf4 c5 3. e3 Nc6 4. c3 Nf6 5. Nd2 e6 6. Ngf3 Be7 7. Bb5 0-0 8. Bxc6 bxc6 9. Ne5 Qb6 10. Qc2 Ba6 11. f3 Rac8 12. g4 Rfd8 13. Nb3 Nd7 14. Nxd7 Rxd7 15. Kf2 Rb7 16. Rhb1 Qb5 17. dxc5 Bxc5 18. Nxc5 Qxc5 19. Qd2 f6 20. Kg2 e5 21. Bg3 Qe7 22. b3 e4 23. f4 Bd3 24. Rb2 c5 25. Rc1 Rbc7 26. f5 Rc6 27. Qf2 a6 28. c4 d4 29. Bf4 1/2-1/2

[Event "South Wales op 15th"]
[Site "Cardiff"]
[Date "2018.07.11"]
[Round "8"]
[White "Ralphs, Nigel"]
[Black "Gosling, Brian GE"]
[Result "1-0"]
[WhiteElo "1993"]
[BlackElo "1816"]
[PlyCount "93"]
[EventDate "2018.07.07"]
[EventType "swiss"]
[EventRounds "9"]
[EventCountry "WLS"]
[SourceTitle "EXT 2019"]
[Source "ChessBase"]
[SourceDate "2018.10.10"]
[SourceVersion "1"]
[SourceVersionDate "2018.10.10"]
[SourceQuality "1"]

1. e4 e6 2. d4 d5 3. e5 c5 4. c3 Nc6 5. Nf3 Nge7 6. Na3 cxd4 7. cxd4 Ng6 8. Nc2 Be7 9. Bd3 Bd7 10. h4 Qa5+ 11. Kf1 h5 12. Bd2 Qb6 13. b4 a5 14. a3 axb4 15. axb4 Rxa1 16. Qxa1 0-0 17. b5 Nd8 18. Qb1 Re8 19. g3 Nf8 20. Kg2 f6 21. Re1 Nf7 22. Bb4 Bxb4 23. Qxb4 f5 24. Ra1 Rc8 25. Qe7 Re8 26. Qb4 Rc8 27. Ra3 g6 28. Rc3 Rxc3 29. Qxc3 Be8 30. Ng5 Nxg5 31. hxg5 Nd7 32. f4 Kf8 33. Qb4+ Kf7 34. Kf2 Qc7 35. Ke3 Qb6 36. Kd2 Nb8 37. Kc3 Qc7+ 38. Kb2 Nd7 39. Na1 b6 40. Qa3 Nb8 41. Nc2 Bd7 42. Nb4 Bc8 43. Na6 Qa7 44. Kb3 Qb7 45. Qd6 Nxa6 46. bxa6 Qa7 47. Bb5 1-0

[Event "BCF-chT3S 1718 (4NCL) Promotion pool"]
[Site "England"]
[Date "2018.05.07"]
[Round "11.35"]
[White "Elwin, Adrian G"]
[Black "Ralphs, Nigel"]
[Result "1/2-1/2"]
[WhiteElo "1996"]
[BlackElo "2031"]
[PlyCount "21"]
[EventDate "2017.11.11"]
[EventType "team-tourn"]
[EventRounds "11"]
[EventCountry "ENG"]
[SourceTitle "EXT 2020"]
[Source "ChessBase"]
[SourceDate "2019.10.17"]
[SourceVersion "1"]
[SourceVersionDate "2019.10.17"]
[SourceQuality "1"]
[WhiteTeam "MK Phoenix"]
[BlackTeam "Rhyfelwyr Essyllwg"]
[WhiteTeamCountry "ENG"]
[BlackTeamCountry "WLS"]

1. d4 d5 2. c4 c6 3. cxd5 cxd5 4. Bf4 Nc6 5. e3 Nf6 6. Nc3 Bf5 7. Bd3 Bxd3 8. Qxd3 e6 9. Nf3 Bd6 10. Bxd6 Qxd6 11. 0-0 1/2-1/2

[Event "BCF-chT3Sa 1718 (4NCL)"]
[Site "England"]
[Date "2018.01.14"]
[Round "4.33"]
[White "Davies, Peter L"]
[Black "Ralphs, Nigel"]
[Result "1-0"]
[WhiteElo "1980"]
[BlackElo "2031"]
[PlyCount "57"]
[EventDate "2017.11.11"]
[EventType "team-tourn"]
[EventRounds "11"]
[EventCountry "ENG"]
[SourceTitle "EXT 2020"]
[Source "ChessBase"]
[SourceDate "2019.10.17"]
[SourceVersion "1"]
[SourceVersionDate "2019.10.17"]
[SourceQuality "1"]
[WhiteTeam "The Full Ponty"]
[BlackTeam "Rhyfelwyr Essyllwg"]
[WhiteTeamCountry "WLS"]
[BlackTeamCountry "WLS"]

1. e4 e5 2. d4 exd4 3. Nf3 Nc6 4. Nxd4 Nf6 5. Nxc6 bxc6 6. e5 Qe7 7. Qe2 Nd5 8. c4 Nb6 9. Nd2 Qe6 10. b3 a5 11. Bb2 a4 12. Qe3 Bb4 13. Be2 0-0 14. 0-0 a3 15. Bd4 Ra5 16. f4 c5 17. Bc3 Bb7 18. f5 Qh6 19. Qxh6 gxh6 20. Bxb4 cxb4 21. Bf3 Ba8 22. Rae1 Re8 23. Bxa8 Rexa8 24. Ne4 Kh8 25. Nf6 Rc5 26. Rf3 Nxc4 27. bxc4 Rxc4 28. Nxd7 Rc2 29. e6 1-0

[Event "Bridgend South Wales op"]
[Site "Bridgend"]
[Date "2018.01.07"]
[Round "5"]
[White "Morcom, Huw"]
[Black "Ralphs, Nigel"]
[Result "0-1"]
[WhiteElo "1930"]
[BlackElo "2018"]
[PlyCount "77"]
[EventDate "2018.01.05"]
[EventType "swiss"]
[EventRounds "5"]
[EventCountry "WLS"]
[SourceTitle "CBM 182 Extra"]
[Source "ChessBase"]
[SourceDate "2018.02.23"]
[SourceVersion "1"]
[SourceVersionDate "2018.02.23"]
[SourceQuality "1"]

1. e4 e5 2. d4 exd4 3. Qxd4 Nc6 4. Qe3 Nf6 5. Bd2 Bb4 6. Nc3 0-0 7. 0-0-0 Re8 8. Qg3 Nxe4 9. Nxe4 Rxe4 10. f3 Bxd2+ 11. Rxd2 Re5 12. Bc4 d6 13. Ne2 Be6 14. Bxe6 Rxe6 15. Nf4 Re5 16. Rhd1 Qg5 17. Qxg5 Rxg5 18. Nd5 Rc8 19. f4 Rg6 20. Re2 Re6 21. Red2 Ne7 22. Nc3 a6 23. g4 f5 24. h3 Rf8 25. g5 Ng6 26. Rf2 c6 27. Rd3 d5 28. Ne2 Re4 29. Rdf3 Rfe8 30. Nc3 Re3 31. Kd2 Rxf3 32. Rxf3 Kf7 33. Ne2 Re4 34. Re3 Rxe3 35. Kxe3 c5 36. b4 b6 37. a3 Ke6 38. Ng3 d4+ 39. Kd3 0-1

[Event "Bridgend South Wales op"]
[Site "Bridgend"]
[Date "2018.01.05"]
[Round "1"]
[White "Jukes, Sam"]
[Black "Ralphs, Nigel"]
[Result "1-0"]
[WhiteElo "1740"]
[BlackElo "2018"]
[PlyCount "75"]
[EventDate "2018.01.05"]
[EventType "swiss"]
[EventRounds "5"]
[EventCountry "WLS"]
[SourceTitle "CBM 182 Extra"]
[Source "ChessBase"]
[SourceDate "2018.02.23"]
[SourceVersion "1"]
[SourceVersionDate "2018.02.23"]
[SourceQuality "1"]

1. e4 e5 2. Nf3 Nc6 3. Bc4 Bc5 4. c3 Nf6 5. d3 a6 6. Bb3 Ba7 7. 0-0 d6 8. Nbd2 0-0 9. Nc4 h6 10. Qe2 Re8 11. Ne3 Be6 12. Bxe6 fxe6 13. h3 Rf8 14. Kh2 Qe8 15. Ng1 Nh5 16. g3 Qg6 17. Qg4 Ne7 18. Qxg6 Nxg6 19. Kg2 d5 20. exd5 exd5 21. Ng4 Nf6 22. Bd2 Nxg4 23. hxg4 e4 24. dxe4 dxe4 25. Rae1 Rae8 26. Be3 Bxe3 27. Rxe3 Re5 28. Nh3 Rd5 29. Rfe1 Rd2 30. R1e2 Rfd8 31. Rxe4 Kf7 32. g5 Rxe2 33. Rxe2 hxg5 34. Nxg5+ Kf6 35. f4 Nf8 36. Kf3 Rd3+ 37. Re3 Rd1 38. Re8 1-0

[Event "South Wales Autumn op"]
[Site "Pencoed"]
[Date "2017.10.15"]
[Round "4"]
[White "Van Kemenade, Rudy"]
[Black "Ralphs, Nigel"]
[Result "0-1"]
[WhiteElo "1998"]
[BlackElo "2043"]
[PlyCount "74"]
[EventDate "2017.10.13"]
[EventType "swiss"]
[EventRounds "5"]
[EventCountry "WLS"]
[SourceTitle "EXT 2020"]
[Source "ChessBase"]
[SourceDate "2019.10.17"]
[SourceVersion "1"]
[SourceVersionDate "2019.10.17"]
[SourceQuality "1"]

1. f4 d5 2. Nf3 g6 3. g3 Bg7 4. Bg2 Nf6 5. d3 0-0 6. 0-0 b6 7. c3 Bb7 8. Na3 Nbd7 9. Nh4 e5 10. f5 Ne8 11. e4 dxe4 12. dxe4 Nc5 13. Qe1 Nd6 14. Be3 Ncxe4 15. Rd1 Qe7 16. Bc1 Rad8 17. Nc2 Nc5 18. b4 Nce4 19. c4 c5 20. Ba3 Nxc4 21. Rxd8 Qxd8 22. bxc5 Nxa3 23. Bxe4 Bxe4 24. Qxe4 Nxc2 25. Qxc2 Qd4+ 26. Kg2 Qxc5 27. Qb3 Qc6+ 28. Kh3 g5 29. f6 gxh4 30. fxg7 Kxg7 31. Rf5 Qe6 32. g4 Qxb3+ 33. axb3 Re8 34. Rf3 e4 35. Re3 Kf6 36. Kxh4 Ke5 37. Kg3 Rd8 0-1